Transición a la edad adulta y vida activa de las personas con discapacidad psíquica.

Bibliographic Details
Main Author: Pallisera Díaz, María
Format: Libro
Language:English
Published: Barcelona, España EUB 1996
Edition:1a.ed.
Series:Psicología y educación 30
Subjects:
Online Access:

MARC

LEADER 00000cam a2200000 a 4500
001 018323
003 UAHC_CL
005 20170803121616.0
008 010822b xx j 000 1 eng
020 |a 8489607699 
040 |a UAHC_CL  |c UAHC_CL  |d UAHC_CL 
100 1 |a Pallisera Díaz, María 
245 1 0 |a Transición a la edad adulta y vida activa de las personas con discapacidad psíquica. 
250 |a 1a.ed. 
260 |b EUB  |c 1996  |a Barcelona, España 
300 |a 319 p. 
490 0 |a Psicología y educación  |v 30 
650 4 |a DEFICIENCIA MENTAL 
653 |a PSICOLOGIA 
900 |a 616.8582 PAL 
942 |c BK 
952 |0 0  |1 0  |4 0  |6 616_858200000000000_PAL  |7 0  |8 General  |9 36658  |a BC  |b BC  |c General  |d 2017-08-03  |o 616.8582 PAL  |p 1314537  |r 2026-01-13 00:00:00  |t 1  |w 2017-08-03  |y BK  |z Señales de humedad por inundación 2020. 
999 |c 18323  |d 18323